[Event "CPA Zevio 2017"]
[Site "?"]
[Date "2017.01.21"]
[Round "4.7"]
[White "Kapllani, Shpetim"]
[Black "Dalla Vecchia, Paolo"]
[Result "1/2-1/2"]
[WhiteElo "1449"]
[BlackElo "1872"]
[PlyCount "136"]
[EventDate "2017.??.??"]

1. d4 Nf6 2. Nf3 d5 3. c4 e6 4. Nc3 c6 5. e3 Bd6 6. Be2 Nbd7 7. O-O O-O 8. Qc2
dxc4 9. Bxc4 Nb6 10. Bd3 Nbd5 11. e4 Nb4 12. Qb1 Nxd3 13. Qxd3 Be7 14. Bg5 Re8
15. h4 h6 16. e5 Nd5 17. Ne4 hxg5 18. Nexg5 Bxg5 19. Nxg5 g6 20. Rae1 Kg7 21.
Re3 Nxe3 22. fxe3 Rf8 23. Rf6 Qxf6 24. exf6+ Kxf6 25. Nh7+ Kg7 26. Nxf8 Kxf8
27. h5 gxh5 28. Qh7 b6 29. Qxh5 Bb7 30. g4 Ke7 31. Qe5 Rd8 32. g5 Rd7 33. Qf6+
Kd6 34. Qe5+ Ke7 35. Qb8 Ba6 36. Kf2 Bc4 37. a3 Bb3 38. Kf3 Bc2 39. Kf4 Bb1 40.
Qe5 Bc2 41. b4 Bg6 42. e4 Kd8 43. Qb8+ Ke7 44. Ke3 Bh7 45. e5 Bc2 46. Qc8 Ba4
47. Qg8 Bc2 48. Qg7 Bg6 49. Qf6+ Ke8 50. Qf2 Kd8 51. a4 Rd5 52. Qb2 Kc7 53. Qa3
c5 54. Qc1 Kb7 55. bxc5 bxc5 56. Qb2+ Kc7 57. dxc5 Rxc5 58. Qd4 Ra5 59. Kf4 Ra6
60. a5 Rxa5 61. Qb4 Rd5 62. Qc4+ Kb6 63. Qb4+ Kc6 64. Qa4+ Kb7 65. Qb3+ Ka8 66.
Qc3 Kb7 67. Qb4+ Kc6 68. Qa4+ Kb6 1/2-1/2

[Event "CPA Zevio 2017"]
[Site "?"]
[Date "2017.01.21"]
[Round "4.8"]
[White "Magnabosco, Mauro Denis"]
[Black "Pisani, Valerio"]
[Result "1/2-1/2"]
[WhiteElo "1767"]
[BlackElo "1702"]
[PlyCount "137"]
[EventDate "2017.??.??"]

1. c4 e5 2. Nc3 Nf6 3. g3 Bc5 4. Bg2 d6 5. b4 Bxb4 6. Qa4+ Nc6 7. Bxc6+ bxc6 8.
Qxb4 O-O 9. d3 h6 10. h3 Bd7 11. e4 Qe7 12. Be3 Nh5 13. g4 Nf4 14. Bxf4 exf4
15. f3 Qh4+ 16. Kf1 Rfb8 17. Qa3 Rb7 18. Qc1 Qf6 19. Rh2 Qd4 20. Qd2 g5 21.
Nge2 Qc5 22. Qc2 Rab8 23. Rb1 Qa3 24. Rxb7 Rxb7 25. Nc1 a5 26. Nb1 Qc5 27. Nb3
Qb6 28. a3 Qxb3 29. Qxb3 Rxb3 30. Nd2 Rxd3 31. Ke2 Rxa3 32. Rh1 Be6 33. Rb1 Rc3
34. Ra1 Bxc4+ 35. Kd1 a4 36. Rxa4 Bb3+ 37. Nxb3 Rxb3 38. Ke2 d5 39. Kf2 Kf8 40.
Rd4 Rb5 41. exd5 Rxd5 42. Rc4 c5 43. Re4 Rd4 44. Re5 Rd2+ 45. Kg1 c4 46. Rc5
Rc2 47. Rxc7 Kg7 48. Rc6 f6 49. Rc7+ Kg6 50. Rc8 h5 51. Rg8+ Kf7 52. Rc8 hxg4
53. hxg4 c3 54. Kf1 Rc1+ 55. Ke2 Ke6 56. Kd3 f5 57. gxf5+ Kxf5 58. Rc5+ Kg6 59.
Rc6+ Kh5 60. Ke4 c2 61. Kf5 Rf1 62. Rxc2 Kh4 63. Rg2 Rxf3 64. Rg4+ Kh3 65. Rxg5
Rf1 66. Ke4 Kh4 67. Rg8 f3 68. Ke3 f2 69. Ke2 1/2-1/2

[Event "CPA Zevio 2017"]
[Site "?"]
[Date "2017.01.21"]
[Round "4.9"]
[White "Jirillo, Antonio"]
[Black "Di Giovanni, Giuseppe"]
[Result "0-1"]
[WhiteElo "1593"]
[BlackElo "1784"]
[PlyCount "78"]
[EventDate "2017.??.??"]

1. d4 g6 2. Nc3 d5 3. Bf4 Bg7 4. Qd2 c6 5. O-O-O h5 6. f3 Be6 7. h4 Nd7 8. e4
Nh6 9. Nh3 f6 10. Bd3 Bf7 11. Nf2 e5 12. dxe5 d4 13. Ne2 fxe5 14. Bg5 Qc7 15.
Kb1 Be6 16. f4 Nf7 17. f5 gxf5 18. exf5 Bd5 19. Ne4 Bxe4 20. Bxe4 Nf6 21. Bxf6
Bxf6 22. Qd3 O-O-O 23. Nc1 Nd6 24. Nb3 c5 25. Nd2 c4 26. Qf3 Qb6 27. Bd5 Qc5
28. Be6+ Kb8 29. Ne4 Nxe4 30. Qxe4 Rd6 31. g4 hxg4 32. Qxg4 Rb6 33. b3 c3 34.
Rdg1 Qa3 35. Qg8+ Rxg8 36. Rxg8+ Kc7 37. Rc8+ Kd6 38. Rxc3 dxc3 39. Rd1+ Kc6
0-1

[Event "CPA Zevio 2017"]
[Site "?"]
[Date "2017.01.21"]
[Round "4.10"]
[White "Abdelaziz, Jimchi"]
[Black "Levan, Alessandro"]
[Result "1-0"]
[WhiteElo "1720"]
[BlackElo "1590"]
[PlyCount "79"]
[EventDate "2017.??.??"]

1. d4 d5 2. c4 c6 3. cxd5 cxd5 4. Nc3 e6 5. Nf3 Nf6 6. Bg5 Be7 7. e3 a6 8. Bd3
Nbd7 9. O-O O-O 10. Rc1 b5 11. a3 Bb7 12. Nd2 Rc8 13. b4 Ne8 14. Bxe7 Qxe7 15.
Nb3 Nd6 16. Nc5 Nxc5 17. bxc5 Nc4 18. Qb3 Kh8 19. Rc2 e5 20. a4 Bc6 21. axb5
axb5 22. Rb1 exd4 23. exd4 Rfe8 24. Na2 Qg5 25. Qc3 Ra8 26. Re1 Rec8 27. Rce2
Ra3 28. Qc2 g6 29. Nb4 Kg7 30. Qc1 Qxc1 31. Rxc1 Rb3 32. Nxc6 Rxc6 33. Bc2 Rb4
34. Rb1 Rxb1+ 35. Bxb1 Re6 36. Bd3 Kf6 37. Kf1 b4 38. Rc2 b3 39. Re2 Nb2 40.
Rxb2 1-0

[Event "CPA Zevio 2017"]
[Site "?"]
[Date "2017.01.21"]
[Round "4.11"]
[White "Benedetti, Maurizio"]
[Black "Fiscato, Claudio"]
[Result "1-0"]
[WhiteElo "1635"]
[BlackElo "1703"]
[PlyCount "89"]
[EventDate "2017.??.??"]

1. e4 c5 2. c3 Nf6 3. e5 Nd5 4. Bc4 Nb6 5. Bb3 Nc6 6. Nf3 c4 7. Bc2 d6 8. exd6
Qxd6 9. h3 g6 10. O-O Bg7 11. Qe2 Qe6 12. Re1 Qxe2 13. Rxe2 h6 14. d4 cxd3 15.
Bxd3 Be6 16. Bf4 O-O 17. Na3 a6 18. Ne5 Nxe5 19. Bxe5 Bxe5 20. Rxe5 Kg7 21. Bc2
Rfd8 22. Ree1 Rd7 23. b3 Rad8 24. c4 Kf6 25. Rad1 Rxd1 26. Rxd1 Rxd1+ 27. Bxd1
Bc8 28. Bf3 Nd7 29. Nc2 Ne5 30. Be2 Nc6 31. Ne3 e6 32. f4 Ke7 33. Ng4 h5 34.
Ne5 Nxe5 35. fxe5 f6 36. exf6+ Kxf6 37. Kf2 b6 38. Ke3 Ke5 39. h4 Bb7 40. Bf3
Bxf3 41. gxf3 Kf5 42. b4 g5 43. c5 bxc5 44. bxc5 Ke5 45. hxg5 1-0

[Event "CPA Zevio 2017"]
[Site "?"]
[Date "2017.01.21"]
[Round "4.12"]
[White "Menini, Luca"]
[Black "Zenti, Edoardo"]
[Result "0-1"]
[WhiteElo "1612"]
[BlackElo "1676"]
[PlyCount "126"]
[EventDate "2017.??.??"]

1. Nf3 c5 2. c4 Nc6 3. g3 Nf6 4. Bg2 g6 5. Nc3 Bg7 6. d3 O-O 7. O-O d6 8. Rb1
a6 9. Bg5 h6 10. Bxf6 Bxf6 11. Qd2 Bg7 12. a3 Be6 13. h3 Qa5 14. e3 Rab8 15.
Rfc1 Rfd8 16. Ne2 Qxd2 17. Nxd2 g5 18. b4 cxb4 19. axb4 Rdc8 20. f4 Bd7 21. g4
b5 22. cxb5 Rxb5 23. fxg5 hxg5 24. Nf3 Rxb4 25. Rxb4 Nxb4 26. Rxc8+ Bxc8 27. d4
a5 28. Nc3 Bd7 29. Nxg5 Bh6 30. h4 f6 31. Nge4 Bxe3+ 32. Kf1 Bxg4 33. Nxf6+
exf6 34. Ne4 Bxd4 35. Nxd6 a4 36. Nb5 Bb2 37. Kf2 a3 38. Nxa3 Bxa3 39. Kg3 Bh5
40. Kf4 Kg7 41. Be4 Bb2 42. Bb1 Nd5+ 43. Kg3 Ne7 44. Bc2 Ng6 45. Bb1 Bc3 46.
Kh3 Be1 47. Kh2 Bxh4 48. Bf5 Nf4 49. Kg1 Kf7 50. Bb1 Ke6 51. Kh2 Ke5 52. Kg1
Bf7 53. Kh2 Bd5 54. Kg1 Be4 55. Ba2 f5 56. Bb3 Bg3 57. Bc4 Ne6 58. Kf1 f4 59.
Be2 Kd4 60. Kg1 Ke3 61. Bf1 Ng5 62. Be2 Nh3+ 63. Kf1 Bd3 0-1

[Event "CPA Zevio 2017"]
[Site "?"]
[Date "2017.01.21"]
[Round "4.13"]
[White "Avanzini, Angelo"]
[Black "Antolini, Aldo"]
[Result "1/2-1/2"]
[WhiteElo "1522"]
[BlackElo "1660"]
[PlyCount "59"]
[EventDate "2017.??.??"]

1. e4 e6 2. d4 d5 3. e5 c5 4. c3 Nc6 5. Bb5 Qb6 6. Bxc6+ bxc6 7. Ne2 Ne7 8. O-O
Nf5 9. b3 Ba6 10. Re1 Bxe2 11. Rxe2 cxd4 12. cxd4 Nxd4 13. Rd2 Nf5 14. Bb2 Bb4
15. Rd3 O-O 16. Qh5 Qd8 17. Nd2 Bxd2 18. Rxd2 Qh4 19. Qxh4 Nxh4 20. Rc1 Rfc8
21. Rdc2 Kf8 22. Rxc6 Rxc6 23. Rxc6 Nf5 24. Kf1 Ke8 25. Rc7 a6 26. Ke2 Nh6 27.
Bd4 Kd8 28. Bb6 Ke8 29. Bc5 Kd8 30. Bb6 1/2-1/2

[Event "CPA Zevio 2017"]
[Site "?"]
[Date "2017.01.21"]
[Round "4.14"]
[White "Kurylovich, Alena"]
[Black "Martinelli, Franco"]
[Result "1-0"]
[WhiteElo "1644"]
[BlackElo "1514"]
[PlyCount "81"]
[EventDate "2017.??.??"]

1. c4 e5 2. Nc3 Nf6 3. g3 c6 4. Bg2 Bb4 5. Qc2 Na6 6. a3 Bxc3 7. Qxc3 d6 8. d3
Nc5 9. b4 Ne6 10. e3 O-O 11. Ne2 Re8 12. O-O Ng5 13. f4 Nh3+ 14. Kh1 Bg4 15.
Ng1 Nxg1 16. Kxg1 Rb8 17. h3 Bc8 18. Kh2 e4 19. Bb2 h6 20. dxe4 Qe7 21. Rad1
Qf8 22. e5 dxe5 23. fxe5 Nh7 24. a4 Be6 25. b5 c5 26. Rd6 b6 27. Bc6 Re7 28.
Bd5 Bxd5 29. cxd5 Ng5 30. Qd3 Qc8 31. g4 c4 32. Qc2 h5 33. Rf5 Nh7 34. Rc6 Qd7
35. Qxc4 g6 36. Rf2 h4 37. Qd4 Rf8 38. e6 f6 39. exd7 Rxd7 40. d6 Kg7 41. Rc7
1-0

[Event "CPA Zevio 2017"]
[Site "?"]
[Date "2017.01.21"]
[Round "4.15"]
[White "Zonta, Riccardo"]
[Black "Tencheni, Maurizio"]
[Result "0-1"]
[WhiteElo "1582"]
[BlackElo "1690"]
[PlyCount "52"]
[EventDate "2017.??.??"]

1. e4 c5 2. d3 e6 3. g3 b6 4. Bg2 Bb7 5. f4 g6 6. Nf3 Bg7 7. c3 Ne7 8. Be3 d5
9. Nbd2 O-O 10. O-O Nbc6 11. Bf2 Qc7 12. Qc2 Rac8 13. Rfe1 Rfd8 14. Rad1 Qb8
15. Qb1 Qa8 16. d4 dxe4 17. Nxe4 cxd4 18. Nxd4 Nxd4 19. Bxd4 Nf5 20. Nf6+ Bxf6
21. Bxb7 Bxd4+ 22. cxd4 Qxb7 23. Rd3 Rc4 24. d5 Rxd5 25. Rxd5 Qxd5 26. Re5 Qd2
0-1

[Event "CPA Zevio 2017"]
[Site "?"]
[Date "2017.01.21"]
[Round "4.16"]
[White "Nori, Marco"]
[Black "Perantoni, Matteo"]
[Result "1/2-1/2"]
[WhiteElo "1440"]
[BlackElo "1611"]
[PlyCount "87"]
[EventDate "2017.??.??"]

1. d4 d5 2. Bf4 Nf6 3. e3 Bf5 4. Nf3 e6 5. h3 Bd6 6. Ne5 Nbd7 7. Nxd7 Qxd7 8.
Bg5 Ne4 9. Bf4 Bxf4 10. exf4 O-O-O 11. Nd2 Qa4 12. Nb3 c5 13. dxc5 Nxc5 14. Bd3
Bxd3 15. cxd3 Nxb3 16. axb3 Qd4 17. Qd2 Kb8 18. O-O Rc8 19. Ra4 Qc5 20. Qe3
Qxe3 21. fxe3 Rc2 22. Rfa1 a6 23. Rb4 Ka7 24. Rb1 Rhc8 25. e4 dxe4 26. dxe4 Rd8
27. Rc4 Rxc4 28. bxc4 Rd4 29. Rc1 Rxe4 30. g3 Rd4 31. Rc2 Kb6 32. Kf2 Kc6 33.
Ke3 Rd7 34. b4 b6 35. Ra2 Kb7 36. Rc2 Rd1 37. c5 b5 38. c6+ Kc7 39. Ra2 Kxc6
40. Rxa6+ Kb7 41. Ra5 Rd5 42. Ke4 f6 43. h4 h6 44. Ra3 1/2-1/2

[Event "CPA Zevio 2017"]
[Site "?"]
[Date "2017.01.22"]
[Round "5.1"]
[White "Zenari, Marco"]
[Black "Oppici, Gabriele"]
[Result "1-0"]
[WhiteElo "2024"]
[BlackElo "2018"]
[PlyCount "95"]

1. e4 Nc6 2. d4 e5 3. Nf3 exd4 4. Nxd4 Bb4+ 5. c3 Bc5 6. Be3 Bb6 7. Qg4 Kf8 8.
Qg3 d6 9. Nd2 Nxd4 10. cxd4 Qf6 11. Rc1 Ne7 12. Bd3 Nc6 13. Nb3 Qg6 14. Bb1 Na5
15. Nxa5 Bxa5+ 16. Kf1 Bd7 17. Qxg6 Bb5+ 18. Kg1 hxg6 19. f3 Rc8 20. Kf2 Bb6
21. Rc3 c6 22. Bd3 Bxd3 23. Rxd3 Rh5 24. g4 Rb5 25. b3 Re8 26. Bd2 Bd8 27. h4
f5 28. a4 fxe4 29. fxe4 Rb6 30. Ba5 Ra6 31. Bxd8 Rxd8 32. Kg3 Re8 33. Rf1+ Kg8
34. Rf4 Rb6 35. Rc3 Rb4 36. Rd3 Re7 37. e5 dxe5 38. dxe5 Rxf4 39. Kxf4 Kf7 40.
Ke4 Ke6 41. Rd6+ Kf7 42. a5 a6 43. Kd4 Rc7 44. b4 Re7 45. g5 Rc7 46. Kc5 Re7
47. e6+ Ke8 48. Kb6 1-0

[Event "CPA Zevio 2017"]
[Site "?"]
[Date "2017.01.22"]
[Round "5.3"]
[White "Pieropan, Giorgio"]
[Black "Steccanella, Willi"]
[Result "0-1"]
[WhiteElo "1836"]
[BlackElo "1859"]
[PlyCount "132"]
[EventDate "2017.??.??"]

1. e4 d6 2. d4 Nf6 3. Nc3 e5 4. Nf3 exd4 5. Nxd4 Be7 6. Bc4 O-O 7. O-O Nxe4 8.
Nxe4 d5 9. Bxd5 Qxd5 10. Nc3 Qd8 11. Be3 Nd7 12. Qe2 Nf6 13. Rad1 Bd7 14. Qc4
c6 15. Nf5 Re8 16. Nxe7+ Qxe7 17. Bg5 Rad8 18. Qh4 Bf5 19. Bxf6 Qxf6 20. Qxf6
gxf6 21. Rxd8 Rxd8 22. Rd1 Rxd1+ 23. Nxd1 Bxc2 24. Ne3 Bd3 25. f4 f5 26. Kf2
Kf8 27. Ke1 Ke7 28. Kd2 Be4 29. Kc3 Ke6 30. b4 Bd5 31. a3 f6 32. g3 b6 33. Kd4
Bb3 34. Ng2 Kd6 35. Ne3 Be6 36. Nc2 c5+ 37. Kd3 Kc6 38. bxc5 bxc5 39. Kc3 Kb5
40. Ne1 Ka4 41. Nd3 Kxa3 42. Nxc5 Bc8 43. h3 a6 44. Kc4 Kb2 45. Kd3 Kc1 46.
Nb3+ Kd1 47. Na5 Ke1 48. Ke3 Kf1 49. Kf3 Be6 50. g4 h6 51. Kg3 Ke2 52. Nc6 Ke3
53. Na5 fxg4 54. hxg4 Bd5 55. f5 Kd4 56. Kh4 Kc5 57. Kh5 Kb4 58. Kxh6 Kxa5 59.
Kg7 Kb5 60. Kxf6 a5 61. Kg7 a4 62. g5 a3 63. f6 a2 64. f7 a1=Q+ 65. Kg8 Qg1 66.
Kh7 Bxf7 0-1

[Event "CPA Zevio 2017"]
[Site "?"]
[Date "2017.01.22"]
[Round "5.4"]
[White "De Paoli, Emilio"]
[Black "Negro, Raffaele"]
[Result "0-1"]
[WhiteElo "1765"]
[BlackElo "1804"]
[PlyCount "116"]
[EventDate "2017.??.??"]

1. e4 g6 2. g3 Bg7 3. Bg2 e5 4. Na3 d6 5. b3 Nc6 6. Bb2 Be6 7. c3 d5 8. Qe2 Nf6
9. f3 Qd7 10. Nc2 O-O 11. O-O-O d4 12. d3 dxc3 13. Bxc3 Nd4 14. Nxd4 exd4 15.
Bb2 a5 16. f4 a4 17. f5 gxf5 18. exf5 Bxf5 19. Nf3 axb3 20. axb3 c5 21. h3 Qb5
22. g4 Bg6 23. Nh4 Qxb3 24. Nxg6 hxg6 25. g5 Nd5 26. Bxd5 Qxd5 27. h4 Be5 28.
Qe4 Qxe4 29. dxe4 Bf4+ 30. Kb1 Rfe8 31. h5 Bxg5 32. hxg6 fxg6 33. Rdg1 Re5 34.
Rg4 Be3 35. Rxg6+ Kf7 36. Rb6 Rb8 37. Rh7+ Kg8 38. Rh4 Rg5 39. Rh2 Kg7 40. Rh3
Rg6 41. Rxe3 Rxb6 42. Rg3+ Rg6 43. Rf3 Rf8 44. Rb3 Rb8 45. Rb5 b6 46. Ka2 Re6
47. e5 Kg6 48. Kb3 Kf5 49. Ba3 Rxe5 50. Kc4 Ke6 51. Rb1 Kd6 52. Kb5 Re3 53. Bc1
Rf3 54. Bd2 Kd5 55. Rh1 Rf5 56. Rh4 c4 57. Bf4 Rxf4 58. Rxf4 c3 0-1

[Event "CPA Zevio 2017"]
[Site "?"]
[Date "2017.01.22"]
[Round "5.5"]
[White "Dalla Vecchia, Paolo"]
[Black "Ferrara, Pietro"]
[Result "1/2-1/2"]
[WhiteElo "1872"]
[BlackElo "1915"]
[PlyCount "92"]
[EventDate "2017.??.??"]

1. d4 d5 2. Nf3 c5 3. dxc5 Nc6 4. c4 e6 5. Nc3 Nf6 6. Bg5 d4 7. Bxf6 Qxf6 8.
Nb5 Qd8 9. Nfxd4 Nxd4 10. Qxd4 Qxd4 11. Nxd4 Bxc5 12. O-O-O O-O 13. e3 e5 14.
Nb5 b6 15. Nc7 Rb8 16. Be2 Bb7 17. Nd5 Rbc8 18. b4 Bxd5 19. Rxd5 Bxb4 20. Rxe5
Rfd8 21. Rd1 Rxd1+ 22. Kxd1 Rd8+ 23. Kc1 Be1 24. f4 Bd2+ 25. Kc2 f6 26. Re4 Bb4
27. Bf3 Rd2+ 28. Kb3 Bc5 29. Re8+ Kf7 30. Ra8 Rd3+ 31. Kc2 Ra3 32. Kb2 Rxe3 33.
Rxa7+ Kg6 34. f5+ Kh6 35. a4 b5 36. Rd7 bxa4 37. Rd5 a3+ 38. Ka2 Re5 39. h4
Rxd5 40. cxd5 g5 41. fxg6 hxg6 42. g4 Bd6 43. Be4 f5 44. gxf5 gxf5 45. Bxf5 Kh5
46. Bb1 Kxh4 1/2-1/2

[Event "CPA Zevio 2017"]
[Site "?"]
[Date "2017.01.22"]
[Round "5.6"]
[White "Kapllani, Shpetim"]
[Black "Leone, Cataldo"]
[Result "1-0"]
[WhiteElo "1449"]
[BlackElo "1620"]
[PlyCount "57"]
[EventDate "2017.??.??"]

1. Nf3 d5 2. d4 c6 3. e3 Nf6 4. c4 Bg4 5. Nc3 e6 6. a3 Nbd7 7. h3 Bh5 8. g4 Bg6
9. Nh4 Bd6 10. Nxg6 hxg6 11. Qc2 Nxg4 12. Bd3 Qh4 13. Nd1 O-O-O 14. b4 Rde8 15.
b5 c5 16. Bf1 e5 17. dxc5 Bxc5 18. cxd5 f5 19. Bg2 Ngf6 20. a4 f4 21. Ba3 b6
22. a5 Kb8 23. axb6 axb6 24. Bxc5 Nxc5 25. d6 e4 26. Qa2 Kc8 27. Qa7 Ne6 28.
Qxb6 Rd8 29. Qc6+ 1-0

[Event "CPA Zevio 2017"]
[Site "?"]
[Date "2017.01.22"]
[Round "5.7"]
[White "Goldoni, Claudio"]
[Black "Kurylovich, Alena"]
[Result "1-0"]
[WhiteElo "2025"]
[BlackElo "1644"]
[PlyCount "145"]
[EventDate "2017.01.29"]

1. e4 c5 2. Nf3 e6 3. c4 b6 4. Nc3 Bb7 5. d4 cxd4 6. Nxd4 a6 7. Bd3 Qc7 8. Be3
Nf6 9. O-O Nc6 10. Rc1 Bc5 11. Bb1 O-O 12. h3 Rac8 13. Qd2 Bxd4 14. Bxd4 Nxd4
15. Qxd4 Qxc4 16. Qxb6 Qc7 17. Qe3 Qe5 18. Rcd1 Rc7 19. f4 Qc5 20. Qxc5 Rxc5
21. g4 h6 22. Kf2 d5 23. e5 Nd7 24. Kg3 f6 25. exf6 Nxf6 26. Rfe1 Kf7 27. f5
exf5 28. Bxf5 Bc8 29. Bc2 Be6 30. Bg6+ Kxg6 31. Rxe6 Kf7 32. Rxa6 Re8 33. Kf3
Rb8 34. Rd2 Rb4 35. Kg2 Rcc4 36. Rf2 Kg8 37. Ra8+ Kh7 38. Rd8 Rd4 39. b3 Rd3
40. Na4 Rbd4 41. Nc5 Re3 42. Rb8 Ne4 43. Nxe4 dxe4 44. a4 Rdd3 45. a5 Rxh3 46.
a6 Rdg3+ 47. Kf1 Rh1+ 48. Ke2 Ra1 49. Rb6 e3 50. Rf3 Ra2+ 51. Kxe3 Rxg4 52. Kd3
Rg6 53. Rxg6 Kxg6 54. Kc4 Rxa6 55. b4 h5 56. b5 Ra8 57. b6 Rb8 58. Kc5 Kg5 59.
Rg3+ Kf6 60. Kc6 g5 61. Rf3+ Kg6 62. Kc7 Rxb6 63. Kxb6 g4 64. Rf8 Kg5 65. Kc5
g3 66. Kd4 Kg4 67. Ke3 g2 68. Kf2 Kh3 69. Kg1 h4 70. Rf2 Kg3 71. Rxg2+ Kh3 72.
Rh2+ Kg3 73. Kh1 1-0

[Event "CPA Zevio 2017"]
[Site "?"]
[Date "2017.01.22"]
[Round "5.8"]
[White "Di Giovanni, Giuseppe"]
[Black "Benedetti, Maurizio"]
[Result "0-1"]
[WhiteElo "1784"]
[BlackElo "1635"]
[PlyCount "60"]
[EventDate "2017.01.29"]

1. e4 c5 2. Nf3 d6 3. d4 cxd4 4. Nxd4 Nf6 5. Nc3 e6 6. Be2 Nc6 7. Be3 Bd7 8.
O-O Nxd4 9. Bxd4 Bc6 10. Qd3 Be7 11. f4 d5 12. exd5 Nxd5 13. Bxg7 Rg8 14. Qxh7
Nf6 15. Qh6 Bf8 16. Bf3 Bxf3 17. Rxf3 Bxg7 18. Qh3 Qd4+ 19. Kh1 O-O-O 20. Re1
Qd2 21. Rfe3 Qf2 22. R3e2 Qxf4 23. Nb5 Rh8 24. Qc3+ Kb8 25. g3 Qf5 26. Re5
Rxh2+ 27. Kxh2 Ng4+ 28. Kg2 Bxe5 29. Qa5 Qf2+ 30. Kh3 Rh8+ 0-1

[Event "CPA Zevio 2017"]
[Site "?"]
[Date "2017.01.22"]
[Round "5.9"]
[White "Zenti, Edoardo"]
[Black "Magnabosco, Mauro Denis"]
[Result "1/2-1/2"]
[WhiteElo "1676"]
[BlackElo "1767"]
[PlyCount "169"]
[EventDate "2017.01.29"]

1. e4 c5 2. Nf3 e6 3. b3 Nc6 4. Bb2 Nf6 5. d3 d6 6. Be2 Be7 7. O-O O-O 8. Nbd2
a6 9. Re1 Qc7 10. Nf1 Nd7 11. Ne3 Bf6 12. c3 g6 13. Qd2 Nde5 14. Nxe5 dxe5 15.
Ng4 Bg7 16. Rac1 f5 17. Ne3 f4 18. Nf1 Qd6 19. Qc2 Bd7 20. Nd2 b5 21. Rcd1 Rac8
22. Nf3 h6 23. Qd2 Rcd8 24. Qc2 Be8 25. Ba3 b4 26. cxb4 cxb4 27. Bb2 Nd4 28.
Bxd4 exd4 29. Rc1 e5 30. Qc5 Bb5 31. Qxd6 Rxd6 32. Rc5 Re8 33. Rec1 g5 34. h3
Bf6 35. Kf1 Kg7 36. Ke1 Ree6 37. Kd2 Rc6 38. Nh2 Rxc5 39. Rxc5 Rc6 40. Rxc6
Bxc6 41. Bh5 Be7 42. Kc2 a5 43. Nf3 Bd6 44. Nd2 Kf6 45. Nc4 Bc7 46. Bg4 Ke7 47.
Bc8 Bb5 48. Nd2 Bd6 49. Bb7 Kf6 50. Bd5 Kg7 51. Bc4 Bc6 52. Kd1 Kg6 53. Ke2 Bd7
54. Kf3 h5 55. Ke2 Kf6 56. Ba6 Be6 57. Bb7 Bc7 58. Bc6 Kg6 59. Bd5 Bd7 60. Nb1
Bd6 61. Kd2 Bb5 62. Bc4 Bd7 63. Kc2 Be7 64. Nd2 g4 65. hxg4 hxg4 66. Kd1 Kg5
67. Ke2 Bd6 68. Nf1 Be8 69. Be6 Bh5 70. g3 f3+ 71. Kd2 Bg6 72. Nh2 Bh5 73. Kc2
Bc5 74. Nf1 Bd6 75. Nd2 Be8 76. Nc4 Bc7 77. a3 Bb5 78. axb4 axb4 79. Nd2 Bd6
80. Bf7 Bd7 81. Nc4 Bc7 82. Nb2 Kf6 83. Bc4 Ke7 84. Na4 Kd6 85. Nb2 1/2-1/2

[Event "CPA Zevio 2017"]
[Site "?"]
[Date "2017.01.22"]
[Round "5.10"]
[White "Peloni, Davide"]
[Black "Pisani, Valerio"]
[Result "1-0"]
[WhiteElo "1742"]
[BlackElo "1702"]
[PlyCount "35"]
[EventDate "2017.01.29"]

1. e4 e6 2. d4 d5 3. Nc3 Nf6 4. e5 Nfd7 5. f4 c5 6. Nf3 Nc6 7. Be3 Qb6 8. Rb1
cxd4 9. Nxd4 Bc5 10. Na4 Qa5+ 11. c3 Nxd4 12. Nxc5 Nf3+ 13. gxf3 Nxc5 14. b4
Qa3 15. Bxc5 Qxc3+ 16. Kf2 Bd7 17. Rb3 Ba4 18. Bb5+ 1-0

[Event "CPA Zevio 2017"]
[Site "?"]
[Date "2017.01.22"]
[Round "5.11"]
[White "Jimchi, Abdelaziz"]
[Black "Pizzamano, Maria"]
[Result "0-1"]
[WhiteElo "1720"]
[BlackElo "1349"]
[PlyCount "104"]
[EventDate "2017.01.29"]

1. d4 d5 2. Nf3 c5 3. c3 Nc6 4. Bf4 Nf6 5. e3 a6 6. dxc5 Bf5 7. Nbd2 e6 8. Nb3
Na5 9. Nxa5 Qxa5 10. b4 Qa3 11. Qc1 Qxc1+ 12. Rxc1 Be7 13. Nd4 O-O 14. Nxf5
exf5 15. Bd3 g6 16. Be5 a5 17. Rc2 axb4 18. cxb4 Ra4 19. Rb2 Rfa8 20. Bb1 Nd7
21. Bd4 Bf6 22. Ke2 Bxd4 23. exd4 Nb8 24. Rd1 Nc6 25. b5 Nxd4+ 26. Ke3 Re8+ 27.
Kd3 Ne6 28. Ke2 Nxc5+ 29. Kf1 d4 30. Rc1 b6 31. Rd1 Rd8 32. Bc2 Rc4 33. Bd3
Nxd3 34. Rxd3 Rc3 35. Rbd2 Rxd3 36. Rxd3 Rd5 37. a4 Kg7 38. Ke2 Kf6 39. Rb3 Ke5
40. Kd3 f6 41. Rb4 h5 42. f4+ Kxf4 43. Rxd4+ Ke5 44. Rxd5+ Kxd5 45. Kc3 Kc5 46.
Kb3 f4 47. Kc3 g5 48. h3 f5 49. Kd3 Kb4 50. Kd4 Kxa4 51. Ke5 Kxb5 52. Kxf5 Kc4
0-1

[Event "CPA Zevio 2017"]
[Site "?"]
[Date "2017.01.22"]
[Round "5.12"]
[White "Tencheni, Maurizio"]
[Black "Avanzini, Angelo"]
[Result "1-0"]
[WhiteElo "1690"]
[BlackElo "1522"]
[PlyCount "111"]
[EventDate "2017.01.29"]

1. c4 Nf6 2. Nf3 c5 3. b3 g6 4. Bb2 Bg7 5. e3 O-O 6. Be2 d6 7. O-O Nc6 8. d3
Re8 9. Nbd2 Bf5 10. a3 Qc7 11. Qc2 Rad8 12. Rac1 a6 13. Rfd1 b5 14. Qb1 bxc4
15. Nxc4 Rb8 16. Bc3 d5 17. Nce5 c4 18. b4 Rb7 19. Nxc6 Qxc6 20. Nd4 Qc7 21.
Nxf5 gxf5 22. Bxf6 Bxf6 23. dxc4 dxc4 24. Bxc4 Qe5 25. Rd5 Qb2 26. Bxa6 Rb6 27.
Qxb2 Bxb2 28. Rc8 Rxc8 29. Bxc8 Bxa3 30. b5 e6 31. Rd8+ Kg7 32. Ba6 Rd6 33.
Rxd6 Bxd6 34. b6 f4 35. e4 e5 36. b7 Kf6 37. Kf1 Ke7 38. Ke2 Kd8 39. Bc4 f6 40.
Kf3 Ke7 41. Bg8 h6 42. Kg4 Kf8 43. Bd5 Kg7 44. Kf5 h5 45. Ke6 Bb8 46. Kd7 Kg6
47. Kc8 Bd6 48. Be6 Kg5 49. b8=Q Bxb8 50. Kxb8 h4 51. f3 Kg6 52. Kc8 Kg7 53.
Kd7 Kf8 54. Kd8 Kg7 55. Ke7 Kg6 56. Bf5+ 1-0

[Event "CPA Zevio 2017"]
[Site "?"]
[Date "2017.01.22"]
[Round "5.13"]
[White "Antolini, Aldo"]
[Black "Jirillo, Antonio"]
[Result "1/2-1/2"]
[WhiteElo "1660"]
[BlackElo "1593"]
[PlyCount "69"]
[EventDate "2017.01.29"]

1. e4 e6 2. d4 d5 3. Nd2 c5 4. c3 Nc6 5. Ngf3 cxd4 6. cxd4 dxe4 7. Nxe4 Bb4+ 8.
Nc3 Nf6 9. Bd3 Nd5 10. Bd2 Qa5 11. Qc2 Bxc3 12. bxc3 Qc7 13. O-O Nce7 14. Ne5
Ng6 15. Bb5+ Ke7 16. Nf3 a6 17. Ba4 b5 18. Bb3 Bb7 19. Qd3 Nf6 20. Rac1 Bd5 21.
Qe3 Qb7 22. Rfe1 Bxf3 23. gxf3 Nh4 24. Bd1 Rhd8 25. c4 Nf5 26. Qa3+ Kd7 27. d5
exd5 28. Qd3 g6 29. Bb3 Re8 30. cxd5 Rxe1+ 31. Rxe1 Re8 32. Rxe8 Nxe8 33. Bg5
Ned6 34. Qc3 Qc8 35. Qa5 1/2-1/2

[Event "CPA Zevio 2017"]
[Site "?"]
[Date "2017.01.22"]
[Round "5.14"]
[White "Levan, Alessandro"]
[Black "Fiscato, Claudio"]
[Result "1/2-1/2"]
[WhiteElo "1590"]
[BlackElo "1703"]
[PlyCount "39"]
[EventDate "2017.01.29"]

1. e4 b6 2. d4 Bb7 3. Bd3 Nf6 4. Nd2 Nc6 5. c3 e5 6. Ngf3 exd4 7. cxd4 Ne7 8.
O-O Ng6 9. e5 Nd5 10. a3 Be7 11. Re1 Ngf4 12. Bc2 c5 13. Ne4 O-O 14. g3 Ne6 15.
Qd3 g6 16. h4 cxd4 17. h5 Nc5 18. Qxd4 Ne6 19. Qd3 Bc6 20. Kg2 1/2-1/2

[Event "CPA Zevio 2017"]
[Site "?"]
[Date "2017.01.22"]
[Round "5.15"]
[White "Martinelli, Franco"]
[Black "Menini, Luca"]
[Result "0-1"]
[WhiteElo "1514"]
[BlackElo "1612"]
[PlyCount "80"]
[EventDate "2017.01.29"]

1. d4 d5 2. e3 Bf5 3. c4 e6 4. Nf3 c6 5. a3 Bd6 6. Nc3 Nd7 7. b4 a6 8. cxd5
exd5 9. Be2 h6 10. O-O Ngf6 11. Nh4 Bh7 12. Bd3 Ne4 13. Qg4 Ndf6 14. Qh3 Ng5
15. Qf5 Bxf5 16. Bxf5 O-O 17. Re1 Re8 18. Bd2 Nge4 19. Nf3 g6 20. Bh3 Qc7 21.
Re2 Nxc3 22. Bxc3 Ne4 23. Bb2 Kh7 24. Rae1 Qd8 25. g3 f5 26. Bg2 Qb6 27. h3 a5
28. Ne5 axb4 29. Nd7 Qd8 30. Nc5 Nxc5 31. dxc5 bxa3 32. Bxa3 Rxa3 33. cxd6 Qxd6
34. Rb2 b5 35. Rc1 Rea8 36. Kh2 Ra2 37. Rxa2 Rxa2 38. Kg1 Kg7 39. Bf3 Qf6 40.
Kg2 Rxf2+ 0-1

[Event "CPA Zevio 2017"]
[Site "?"]
[Date "2017.01.22"]
[Round "5.16"]
[White "Perantoni, Matteo"]
[Black "Rizzi, Matilde"]
[Result "1-0"]
[WhiteElo "1611"]
[BlackElo "1389"]
[PlyCount "39"]
[EventDate "2017.01.29"]

1. e4 e5 2. Nf3 Nc6 3. Bb5 Nge7 4. d4 exd4 5. Nxd4 Nxd4 6. Qxd4 c6 7. Ba4 d5 8.
Nc3 Be6 9. Be3 dxe4 10. Nxe4 Qa5+ 11. Bd2 Qd5 12. Qxd5 Bxd5 13. Nd6+ Kd7 14.
Nxb7 Kc7 15. Nc5 Bxg2 16. Rg1 Bf3 17. Rg3 Bd5 18. O-O-O Ng6 19. Ba5+ Kc8 20.
Bxc6 1-0